Carregant...

Historiography and history of Kerala /

Dades bibliogràfiques
Autor principal: Krishnan Nadar, G.
Format: Printed Book
Idioma:English
Publicat: Thiruvananthapuram : 2013.
Edició:2nd ed.
LEADER 00712nam a22001577a 4500
008 161122b xxu||||| |||| 00| 0 eng d
082 |a 954.83  |b KRI 
100 |a Krishnan Nadar, G. 
245 |a Historiography and history of Kerala /  |c G. Krishnan Nadar 
250 |a 2nd ed. 
260 |a Thiruvananthapuram :  |c 2013. 
300 |a 468p. 
942 |2 ddc  |c BK 
999 |c 15979  |d 15979 
952 |0 0  |1 0  |2 ddc  |4 0  |6 954_830000000000000_KRI  |7 0  |9 22483  |a MAIN  |b MAIN  |d 2016-11-22  |e Modern Books  |g 240.00  |l 6  |o 954.83 KRI  |p 22192  |r 2020-01-22  |s 2020-01-07  |t 1  |w 2016-11-22  |y BK 
952 |0 0  |1 0  |2 ddc  |4 0  |6 954_830000000000000_KRI  |7 0  |9 22485  |a MAIN  |b MAIN  |d 2016-11-22  |e Modern Books  |g 240.00  |l 5  |m 2  |o 954.83 KRI  |p 22193  |r 2020-03-18  |s 2020-02-20  |t 2  |w 2016-11-22  |y BK